[Event "Capablanca Memorial Premier 33rd"]
[Site "Havana"]
[Date "1998.05.10"]
[Round "4"]
[White "De la Riva Aguado, Oscar"]
[Black "Abreu Delgado, Aryam"]
[Result "0-1"]
[WhiteElo "2495"]
[BlackElo "2410"]
[Annotator "Gofshtein,L"]
[PlyCount "80"]
[EventDate "1998.05.07"]
[EventType "tourn"]
[EventRounds "13"]
[EventCountry "CUB"]
[EventCategory "8"]
[SourceTitle "CBM 065"]
[Source "ChessBase"]
[SourceDate "1998.08.06"]
[SourceVersion "1"]
[SourceVersionDate "1998.08.06"]
[SourceQuality "1"]

{[%mdl 2372]} 1. e4 c5 2. Nf3 d6 3. d4 cxd4 4. Nxd4 Nf6 5. Nc3 Nc6 6. Bg5 e6 7.
Qd2 a6 8. O-O-O Bd7 9. f3 Be7 10. h4 Nxd4 11. Qxd4 b5 (11... Qa5 12. g4 (12.
Bc4 Qc5 13. Bb3 Qxd4 14. Rxd4 Rc8 15. a4 h6 16. Be3 O-O 17. g4 Kh7 18. Rd2 Bc6
19. Ne2 Nd7 $13 {[%cal Gd7c5] 1/2-1/2 Moen,O-Spassov,L/Kringsja 1976 (26)}) (
12. Kb1 Bc6 (12... h5 $6 13. Bc4 Bc6 14. Rhe1 O-O-O 15. Nd5 $1 Nxd5 16. exd5
Bxg5 17. dxc6 Bf6 18. Qa7 $1 $18 {1-0 Malisauskas,V-Heinbuch,D/Berliner Sommer
1994 (22)}) 13. g4 O-O 14. Qd2 Qc7 15. Be3 b5 16. g5 b4 17. Ne2 Nd7 18. Nd4 Bb7
19. h5 Nc5 20. Qxb4 d5 $132 {1-0 Palac,M-Taggatz,M/Portoroz 1996 (30)}) 12...
Bc6 13. Be3 O-O-O $5 14. g5 Nd7 15. Bh3 Qc5 16. Nd5 $5 Bxd5 (16... exd5 $5 17.
exd5 {[%cal Gd4e4]} Qxd4 18. Rxd4 Bb5 19. c4 Ba4 20. b3 Kb8 21. bxa4 Nc5 22. a5
$14) 17. Qxc5+ Nxc5 18. exd5 $16 {1-0 Tal,M-Mititelu,G/EU-chT 1973 (26) ^^}) (
11... Bc6 12. Bxf6 $6 (12. g4 h6 13. Be3 Nd7 14. Kb1 Bxh4 15. Qxd6 Qe7 16. Qc7
Bf6 17. Bf4 Bxc3 18. bxc3 e5 $13 {1-0 Tisdall,J-Mednis,E/Arnold Cup 1988 (26)})
(12. Kb1 Qc7 13. g4 Rd8 14. Bd3 h5 15. gxh5 Nxh5 16. Qf2 Bf6 17. Be3 Qe7 18.
Ne2 g6 19. f4 b5 20. Nd4 Bxd4 21. Bxd4 e5 22. fxe5 dxe5 23. Bc5 $16 {1-0 Palac,
M-Kozul,Z/CRO-Cup 1995 (41)}) (12. h5 h6 13. Be3 b5 14. g4 Nd7 15. Be2 Qc7 16.
a3 e5 {1/2-1/2 Bielinski,D-Bielczyk,J/POL-chT 1994}) 12... Bxf6 13. Qxd6 Qb6
$44 {1/2-1/2 Kuzmin,G-Tal,M/URS-ch41 1973 (20)}) (11... Qc7 12. g4 (12. Kb1 Bc6
13. g4 Rd8 14. h5 h6 15. Bh4 e5 16. Qf2 Nh7 $1 17. Bxe7 Qxe7 18. Qb6 Ng5 $11 {
1/2-1/2 Gabriel,C-Grosar,A/Altensteig 1995 (44)}) 12... Rc8 13. Be3 O-O 14. h5
Ne8 15. g5 f5 16. exf5 Rxf5 17. Bd3 Rxg5 $1 18. h6 g6 19. Bxg5 Bxg5+ 20. Kb1
Bf6 $44 21. Qg1 {1/2-1/2 Sax,G-Kozul,Z/CRO-Cup 1995}) 12. Kb1 Rb8 (12... Rc8
13. e5 $6 dxe5 14. Qxe5 Qc7 15. Qxc7 Rxc7 16. Bf4 Rc8 17. Bd3 Bc6 $15 {Simic,
D-Taggatz,M/Bled op 1995/1-0 (53)}) 13. g4 b4 14. Ne2 Qa5 15. Nc1 (15. Bxf6 $5
Bxf6 (15... gxf6 16. g5 e5 17. Qd2 fxg5 18. hxg5 Be6 19. Nc1 $16 {[%cal Gf1h3]}
) 16. Qxd6 Rd8 {[%csl Rd1][%cal Gd7b5]} 17. Nc1 $1 {[%cal Gd6a6]} Bb5 (17...
Ba4 18. Qxa6 $18) 18. Bxb5+ Qxb5 19. Qg3 O-O 20. g5 Be7 21. f4 $14 {[%cal
Gd1d3]}) 15... O-O 16. Be3 (16. Bxf6 $5 Bxf6 17. Qxd6 $14) 16... e5 17. Qd2 Be6
18. g5 Nh5 (18... Nd7 $5) 19. Bh3 {[%cal Gh3g4]} g6 20. Qg2 {[%cal Gh3e6,Yg2g4]
} Bxh3 (20... d5 $6 21. Bxe6 fxe6 22. Qg4 Ng7 23. h5 $1 gxh5 24. Qg3 $40 {
[%cal Gg5g6]}) 21. Qxh3 Qc7 22. Nd3 (22. Rh2 $5 {[%cal Gh2d2]}) 22... d5 $5
$132 (22... Qc6 $5 {[%cal Ge7d8,Gd8b6,Ga6a5]}) 23. exd5 Rfd8 24. Nf2 Rb5 25. d6
Bxd6 26. Qg4 (26. Ne4 $5 Be7 27. Qf1 Rc8 28. Rh2 $13) 26... Be7 27. Rxd8+ Qxd8
28. Qc4 Rd5 29. Qxa6 Ng3 30. Re1 Nf5 $132 {[%cal Rf5e3,Rf5h4]} 31. Bb6 Qb8 32.
Ne4 (32. Nd3 $142 Rd6 33. Ba7 $8 Qa8 (33... Qc7 34. Qa4 $16 {[%cal Ga4e8]}) 34.
Qa4 (34. Qa5 Bd8 {[%cal Gd8b6]} 35. Qc5 Ra6 36. Rxe5 {[%cal Ge5e8,Yc5f8]} Be7
37. Rxe7 Nxe7 38. Qxe7 Rxa7 $15 {[%csl Ra2,Rf3]}) 34... Rxd3 (34... Rd4 {
[%cal Gb4b3]} 35. b3 $16 {[%cal Gd3e5]}) 35. cxd3 Bc5 36. Rxe5 Qxa7 37. Qxa7
Bxa7 38. Re4 $14) 32... Nxh4 33. Qc4 Qb7 (33... Nxf3 $6 34. Qxd5 Nxe1 35. Nf6+
Bxf6 (35... Kg7 $2 36. Bc7 $1 $18) 36. gxf6 {[%csl Re1][%cal Gb6f2]} Qc8 37.
Qe4 $18) 34. Bc5 Qc6 35. b3 $2 (35. Qxb4 $5 Rxc5 (35... Bxc5 36. Qb8+ Kg7 37.
Nf6 Bf8 38. Nxd5 Qxd5 39. Qxe5+ Qxe5 40. Rxe5 Nxf3 41. Rd5 $16 {[%cal Ga2a4]})
36. Nxc5 Nxf3 $1 (36... Bxc5 37. Qxh4 $18) 37. Qb8+ Bf8 (37... Kg7 38. Nd3 Bd6
39. Qd8 Nxe1 40. Qf6+ Kg8 41. Nxe1 Qh1 42. Qd8+ Bf8 43. Qd2 Be7 $15 {[%cal
Ge7g5]}) 38. Nd3 Nxe1 39. Nxe1 Qe4 $15) 35... Rxc5 $19 36. Nxc5 Nxf3 37. Rd1
Qxc5 38. Rd8+ Kg7 39. Qxc5 Bxc5 {[%cal Ge5e4,Ge4e3,Gf7f5,Gh7h5]} 40. a4 bxa3
0-1

[Event "Capablanca Memorial Premier 33rd"]
[Site "Havana"]
[Date "1998.05.22"]
[Round "13"]
[White "Herrera, Irisberto"]
[Black "Abreu Delgado, Aryam"]
[Result "1-0"]
[WhiteElo "2445"]
[BlackElo "2410"]
[Annotator "Gofshtein,L"]
[PlyCount "49"]
[EventDate "1998.05.07"]
[EventType "tourn"]
[EventRounds "13"]
[EventCountry "CUB"]
[EventCategory "8"]
[SourceTitle "CBM 065"]
[Source "ChessBase"]
[SourceDate "1998.08.06"]
[SourceVersion "1"]
[SourceVersionDate "1998.08.06"]
[SourceQuality "1"]

{[%mdl 8776]} 1. e4 c5 2. Nf3 d6 3. d4 cxd4 4. Nxd4 Nf6 5. Nc3 Nc6 6. Bg5 e6 7.
Qd2 a6 8. O-O-O Bd7 9. f4 b5 10. Bxf6 gxf6 11. Nxc6 Bxc6 12. Qe1 b4 13. Nd5 a5
14. Rd4 {[%cal Gd4c4,Gc4c6]} f5 (14... Bg7 $5 15. Rc4 Bxd5 (15... Kd7 $8 16.
Ne3 Qb6 $132 {[%cal Gd7e7,Gh8c8]}) 16. exd5 f5 17. dxe6 Qf6 18. exf7+ $16 {
Sanchez Almeyra,J-Becerra Rivero,J/Capablanca mem-B 1993/1-0(37)}) (14... Ra7
$5 {[%csl Gc7]} 15. Rc4 Ba4 16. Ne3 (16. b3 $2 exd5 17. exd5+ Re7 $19) 16... f5
17. exf5 d5 18. Rd4 Bg7 19. Rd2 Qf6 20. Nd1 Qxf5 $132 {Grosar,A-Filipenko,A/
Sochi-B 1989/1/2-1/2(42)}) 15. Ne3 $6 $146 (15. Rc4 $6 Bxd5 16. exd5 Qf6 17.
dxe6 fxe6 18. Rc7 Kd8 $1 19. Rb7 (19. Rc6 Bg7 $1 20. Rxd6+ Ke7 21. Qe5 Qxe5 22.
fxe5 Bxe5 23. Rb6 Rhb8 24. Rxb8 Rxb8 $15 {Ulfarsson,M-Waitzkin,J/WchJM-U18
1994/0-1(45)}) 19... Kc8 20. Rb5 Bg7 21. c3 bxc3 22. Qe3 Qd4 23. Qxe6+ Kd8 24.
Rd5 Qxf4+ 25. Kc2 Be5 26. bxc3 Re8 27. Qf7 Qa4+ {0-1 Zontakh,A-Poluljahov,A/
Belgrade Beopromet 1993}) 15... Qb6 ({Very dangeouse for black was} 15... Bxe4
$6 16. Bb5+ Ke7 17. Qh4+ f6 {[%tqu "En","","","","d4e4","",10]} 18. Rxe4 $1
fxe4 19. f5 $1 d5 (19... Qb6 20. Qxe4 $18 {[%cal Re4e6,Re4a8]}) (19... Rb8 20.
Bc4 $1 {[%cal Gc4e6]} (20. Qxe4 e5 21. Nd5+ Kf7 22. Bc4 $44) 20... d5 21. fxe6
dxc4 22. Rd1 $40 {[%cal Gd1d7,Yh4g4,Yh4h5]}) 20. fxe6 {[%cal Gb5d7]} Kxe6 21.
Bc6 $16 {[%cal Gc6d5]}) ({but after right} 15... fxe4 {[%cal Gd6d5,Gf8g7] it
looks like white has not enought compensation for sacrifised pawn.}) 16. Qd2
Bxe4 17. Nc4 Qc5 18. Be2 d5 $17 19. Ne5 a4 $4 (19... Bd6 $142 {[%cal Gd6e5]
and black is pawn up and better position.}) {[%tqu "En","","","","d4c4","",10]}
20. Rc4 $1 Qa7 $4 (20... Qa5 $8 21. Bh5 Bg7 22. Bxf7+ Kf8 23. Rc5 $1 $16 {
[%cal Gf7e6]}) {[%tqu "En","","","","c4e4","",10]} 21. Rxe4 $1 $18 Qb6 (21...
fxe4 22. Bb5+ Ke7 23. Nc6+ $18) 22. Re3 b3 23. a3 Bc5 24. Rg3 Rb8 25. c3 1-0

[Event "Corus-B"]
[Site "Wijk aan Zee"]
[Date "2003.01.15"]
[Round "4"]
[White "Acs, Peter"]
[Black "Van der Wiel, John"]
[Result "1-0"]
[WhiteElo "2623"]
[BlackElo "2509"]
[Annotator "Gofshtein,L"]
[PlyCount "73"]
[EventDate "2003.01.14"]
[EventType "tourn"]
[EventRounds "13"]
[EventCountry "NED"]
[EventCategory "13"]
[SourceTitle "CBM 093"]
[Source "ChessBase"]
[SourceDate "2003.04.01"]
[SourceVersion "1"]
[SourceVersionDate "2003.04.01"]
[SourceQuality "1"]

1. e4 c5 2. Nf3 d6 3. d4 cxd4 4. Nxd4 Nf6 5. Nc3 Nc6 6. Bg5 e6 7. Qd2 a6 8.
O-O-O Bd7 9. f4 h6 10. Bh4 g5 11. fxg5 Ng4 12. Be2 Nge5 13. Nf3 Be7 14. Rhg1 b5
15. Rdf1 b4 16. Nd1 Rb8 17. Kb1 a5 18. b3 {Deep annotations of this opening
line find in the game Karjakin-Nijboer;} hxg5 {[%mdl 132] In case of 18...a4
the game will be transformed to Karjakin-Nijboer from the same tournament,
where white showed the way to opening advantage;} 19. Bxg5 Nxf3 {The point of
black's play is to shut up f-file and to start some play over the queenside;} (
19... Bxg5 20. Nxg5 a4) 20. gxf3 Bxg5 21. Rxg5 Qf6 {[%cal Yh8h2,Rf6a1] This
makes black queen active as well as black has created Rxh2 threat;} 22. Bb5 $1
{[%cal Rd2g2,Rd2d6,Yd1b2,Yb2c4] This move prevents Rxh2 threat and cleares
path to white queen; In addition, white may always trade dangerous black
knight;} Qd4 {Black is intending to trade queens and also gets rid of 23.Bxc6
Bxc6 24.Rxa5 threat;} 23. Qg2 {[%cal Rg5g8,Yg2g7] White is logically refuses
the trade creating threats over g-file;} (23. Qxd4 Nxd4 24. Bxd7+ Kxd7 $132)
23... Na7 (23... Rd8 24. Nb2 $36) 24. Rg8+ Rxg8 25. Qxg8+ Ke7 26. Qg5+ {
White is not getting greedy, and is not grabbing material by Qxb8 simply
consolidating his position;} (26. Qxb8 Nxb5 27. Kc1 Qa1+ 28. Kd2 Qd4+ 29. Ke2
Qc5 $44) 26... Ke8 27. Bc4 $1 $16 (27. Bxd7+ Kxd7 28. Qxa5 Nb5 $44) 27... Rb5 {
Unsafe position of black king, extra pawn and weaknesses d6 and a5 indicate
white's advantage;} (27... Nc6 28. Nb2 $16) 28. Bxb5 Nxb5 29. Qe3 $1 {By
properly counted monouevre, white stops all black's threat;} Na3+ 30. Kc1 Qa1+
31. Kd2 Qxa2 32. Rg1 $1 {[%cal Rg1g8] White moves the rook in, which decides
the game;} Qxc2+ 33. Ke1 Qc5 {Loses at once, but after the most resistant 33...
Bb5 white wins as well;} (33... Bb5 34. Rg8+ Kd7 35. Qa7+ Qc7 36. Qxc7+ Kxc7
37. Ne3 a4 38. bxa4 Bxa4 39. h4 b3 40. Rg2 $18) 34. Rg8+ Ke7 35. Qh6 $18 e5 (
35... Nc2+ 36. Kd2 $18) 36. Qf8+ Ke6 37. Rg7 $18 1-0

[Event "Olympiad-34"]
[Site "Istanbul"]
[Date "2000.11.01"]
[Round "5.1"]
[White "Nataf, Igor Alexandre"]
[Black "Kozul, Zdenko"]
[Result "0-1"]
[WhiteElo "2526"]
[BlackElo "2611"]
[Annotator "Gofshtein,L"]
[PlyCount "100"]
[EventDate "2000.10.28"]
[EventType "team-swiss"]
[EventRounds "14"]
[EventCountry "TUR"]
[SourceTitle "EXT 2001"]
[Source "ChessBase"]
[SourceDate "2000.11.22"]
[SourceVersion "1"]
[SourceVersionDate "2000.11.22"]
[SourceQuality "1"]
[WhiteTeam "France"]
[BlackTeam "Croatia"]
[WhiteTeamCountry "FRA"]
[BlackTeamCountry "CRO"]

1. e4 c5 2. Nf3 d6 3. d4 cxd4 4. Nxd4 Nf6 5. Nc3 Nc6 6. Bg5 e6 7. Qd2 a6 8.
O-O-O Bd7 9. f4 b5 10. Bxf6 gxf6 11. Kb1 (11. f5 $5 Nxd4 12. Qxd4 Bh6+ 13. Kb1
Bf4 14. fxe6 fxe6 15. Ne2 Be5 16. Qd2 Qb6 17. Nf4 a5 18. g3 O-O 19. Bh3 $16
Rae8 20. Nd3 Bd4 21. Rhe1 b4 22. Nxb4 Bf2 23. Rf1 Bc5 24. Nd5 $18 {Hjartarson,
J-Kozul,Z Biel izt (6)}) 11... Qb6 12. Nxc6 (12. Nce2 Rc8 13. g3 h5 14. Bg2 Na5
15. b3 Nc6 16. Rhf1 Qa5 17. c3 Qb6 $2 (17... Nxd4 18. Nxd4 Be7 $11) 18. f5 Bh6
19. Qe1 Nxd4 20. Nxd4 e5 21. Nc2 a5 22. h4 $16 {Hjartarson-Yermolinsky,Erevan
1996}) (12. Nf3 O-O-O 13. g3 Kb8 14. Bh3 Bc8 15. f5 h5 16. Qe1 Bh6 17. Ne2 Ne5
18. Ned4 Ng4 19. fxe6 fxe6 20. Qc3 Bb7 21. Nxe6 Rc8 $13 {Liberzon-Zaltsman,
Lone Pine 1981}) 12... Bxc6 13. Qe1 {Wolff: Usually the move 11.Kb1 introduces
the Nf3,Pg3 setup versus this Rauzer} (13. f5 b4 14. Ne2 e5 15. Ng3 h5 16. Be2
(16. h4 a5 17. Bc4 Rc8 18. Qe2 $16 {Van der Wiel}) 16... h4 17. Nh5 Be7 18. Bf3
a5 19. g3 hxg3 20. hxg3 O-O-O 21. g4 a4 22. Rhe1 Qc5 23. Qe3 Kc7 $13 {Huebner
-Dreev,Nyssloch 1996}) 13... Ra7 {Wolff: White threatened 14.Nd5, which is now
met by 14...exd5 15.exd5+ Re7} (13... Qc5) (13... Be7 14. f5 Qc5 15. fxe6 fxe6
16. Bd3 Kf7 17. Rf1 Rag8 18. Rd2 b4 19. Nd1 a5 20. Rdf2 $11 {Hrachek-Popovich,
Brno 1992}) (13... O-O-O 14. Bd3 h5 15. Rf1 Kb8 16. a3 $1 Bb7 17. f5 Qc5 18.
fxe6 fxe6 19. Rxf6 Qe5 20. Rf7 $16 {Lalich-Kozul,Croatia 1997}) (13... Qc5) 14.
Bd3 (14. f5 $5 h5 (14... b4 15. Ne2 e5 (15... Bxe4 16. fxe6 fxe6 17. Nf4 $16)
16. Ng3 {[%csl Rh5][%cal Rg3h5]} h5 {To stop Nh5} (16... Qc5 17. Nh5 Be7 18.
Qh4 Qe3 19. Bd3 $16) 17. Be2 $1 $36 {[%csl Rh5][%cal Ye2h5,Yg3h5] 1-0 Gurevich,
I-Kozul,Z/Biel 1993/CBM 37/[Wolff] (53)} (17. Be2 $1 Rh6 (17... h4 18. Nh5 Be7
19. Qxh4) 18. Bc4 (18. Bxh5 $5) 18... a5 19. Nf1 Qc5 20. Ne3 $5 a4 $6 21. Bd5
Bb5 22. b3 Rh8 23. Bc4 axb3 24. cxb3 {Gurevich,I-Kozul,Z/Biel izt 1993/1-0 (53)
} (24. cxb3 {Gofshtein,L} Bc6 25. Nd5 Qa5 26. Qf2 Be7 27. Rhe1 $16 {
Gurevich-Kozul,Biel 1993}))) (14... Rg8 15. Qh4 {[%cal Yh4f6,Yh4h7]} Ke7 16.
Ne2 $1 {[%cal Ye2d4,Ye2g3,Ye2f4,Yg3h5]} e5 17. Ng3 Qe3 (17... h6 18. Rxd6 Kxd6
19. Qxf6+) 18. Qxh7 Rg7 19. Qh8 Bxe4 20. Bd3 $1 Bxg2 21. Rhe1 Qc5 22. Be4 $36 {
1-0 Dimitrov,V-Kozul,Z/Linares 1996 (52)} (22. Be4 Rc7 23. Bxg2 Qxc2+ 24. Ka1
Rxg3 (24... Qxg2 25. Rxd6 Rc2 26. Rd8 $1) 25. hxg3 Qxg2 26. Rxd6 $1 Kxd6 27.
Qxf8+ {1-0 Dimitrov,V-Kozul,Z/Linares 1996 (52)})) 15. fxe6 (15. Bd3 Qc5 16.
Rf1 (16. fxe6 $142 fxe6 17. Rf1) 16... e5 17. Qh4 Ke7 18. Ne2 a5 19. Rf3 Bh6
20. Qxh5 a4 21. Qh4 b4 22. Qe1 Bg5 23. h3 Rc7 $13 {Palac-Kozul,Croatia 1997})
15... fxe6 16. Bd3 Rg7 17. Rf1 Be7 18. g3 Qc5 19. Ne2 Bd8 20. Nf4 Kd7 21. Rf3
Qe5 22. Bf1 $36 {[%csl Re6][%cal Yf1h3,Yh3e6] 1-0 Zontakh,A-Simonovic,A/Ulcinj
1998/EXT 99 (52)}) 14... Rc7 $5 $146 {The new attempt of Z.Kozul to
rehabilitate this variation.} (14... b4 15. Ne2 a5 16. f5 e5 17. Nc1 $6 (17.
Ng3 $5 {[%cal Yg3h5]}) 17... Bh6 18. Qe2 Ke7 19. Bc4 Rf8 20. Rd3 Qc5 21. Rh3
Bg5 22. Rxh7 a4 $44 {0-1 Gyorkos,L-Kozul,Z/Osijek 1992/EXT 99 (35)}) (14... h5
15. Qh4 Be7 16. f5 Qe3 17. Rhe1 Qg5 18. Qf2 Rb7 19. h4 $36 {1-0 De la Paz,
F-Delgado,N/Santa Clara 1999/CBM 70 ext (41)}) (14... Qc5 15. f5 a5 (15... Bh6
$6 16. fxe6 fxe6 17. Nd5 $5 {1-0 Zelcic,R-Kozul,Z/Bled 2000/CBM 75 ext (40)})
16. Ne2 Bh6 17. Rf1 $14 {[%cal Yf1f6] 0-1 Benjamin,J-Kozul,Z/Luzern 1997/CBM
62/[Ftacnik] (38)} (17. Qh4 Bg5 18. Qh5 e5 $132 (18... exf5 19. Ng3 $1 $16) (
18... e5 19. h4 Be3 20. g4 d5 $132)) (17. fxe6 fxe6 18. Rf1 $14)) 15. f5 e5 {
[%csl Rd5] It is a new plan in this variation. Usually black played b4 first,
and only after knight's retreat playes e5.In this game black doesn't afraid to
weaken square d5 immediately.} 16. Qh4 $1 {[%cal Yh4f6]} (16. Bf1 Bb7 17. Nd5
Bxd5 18. Rxd5 Rc5 19. Qd2 Qc6 20. g3 $14) 16... Be7 (16... Bg7 17. Rhe1 $14)
17. Qh6 $5 {Ater this strong move black loses pawn without any real
copmpensation.} b4 18. Nd5 Bxd5 19. exd5 a5 20. Qg7 Rf8 21. Qxh7 $16 Bd8 22. h4
a4 23. Qg7 {White transfers queen to good position and liberates place for the
pawn-h promotion.} b3 (23... a3 24. h5 Ke7 25. Rh4 $18 {[%cal Yh4b4] with full
control of 4th rank}) 24. cxb3 axb3 25. a3 Qf2 26. Qg4 {[%cal Yg4a4,Yg4g7]
From this outpost White queen is able to control the 4th rank and g-file on
the kingside} Ke7 27. Qb4 {Probably better was 27.Qe4 with great advantage.} (
27. Qe4 $5 Rh8 28. h5) 27... Rh8 (27... Qxg2 28. Qxb3 $16) 28. h5 Ra7 (28...
Qxg2 29. Qxb3 Qg5 30. Rc1 Rxc1+ 31. Rxc1 $16) 29. g4 Bb6 30. Qxb3 Rb8 31. h6
Raa8 {White has two extra pawn without real compensation of black} 32. Qc2 $6 (
32. h7 $5 Bd4 33. Bb5 e4 (33... Bxb2 34. h8=Q $18) 34. Rc1 $36) 32... Qf4 33.
h7 Bc5 34. Qc4 (34. Be2) 34... Qf2 35. Qc2 Qf4 36. Ka2 $4 {[%mdl 8192]
Tactical blunder leads to the loss.} (36. Be2 $5 Qg3 37. Rd3 Qg2 38. Rdh3 Rh8
39. Qd3 $16) 36... Qb4 $1 37. Ba6 (37. Bb5 Qxb5 38. Rd3 Rh8 $17) 37... Rxa6 38.
Rd3 Rh8 39. Rb3 Qd4 $19 40. Rb7+ Kf8 41. Qb3 Rb6 42. Rxb6 Bxb6 43. g5 fxg5 44.
f6 Bd8 45. a4 Bxf6 46. a5 e4 47. a6 Kg7 48. Qb7 e3 49. a7 Qa4+ 50. Kb1 Qe4+ {
[%mdl 140]} 0-1

[Event "Corus-C"]
[Site "Wijk aan Zee"]
[Date "2004.01.10"]
[Round "1"]
[White "Gagunashvili, Merab"]
[Black "Werle, Jan"]
[Result "1-0"]
[WhiteElo "2583"]
[BlackElo "2407"]
[Annotator "Gofshtein,L"]
[PlyCount "87"]
[EventDate "2004.01.10"]
[EventType "tourn"]
[EventRounds "13"]
[EventCountry "NED"]
[EventCategory "9"]
[SourceTitle "CBM 099"]
[Source "ChessBase"]
[SourceDate "2004.03.30"]
[SourceVersion "1"]
[SourceVersionDate "2004.03.30"]
[SourceQuality "1"]

1. e4 {[%mdl 4]} c5 2. Nf3 d6 3. d4 cxd4 4. Nxd4 Nf6 5. Nc3 Nc6 6. Bg5 e6 7.
Qd2 a6 8. O-O-O Bd7 9. f3 Be7 10. h4 h6 {Other moves are also possible, for
example:} (10... Rc8 11. g4 Nxd4 12. Qxd4 Qa5 13. Kb1 h6 14. Bd2 Qc7 15. Qg1 g6
16. g5 $36 {1-0 Tringov,G-Bertok,M/Vinkovci 1976/EXT 99 (42)}) (10... O-O 11.
Kb1 b5 12. g4 Nxd4 13. Qxd4 Qa5 14. Bd2 b4 15. Ne2 Rab8 16. g5 Nh5 17. Bh3 e5
$132 {1/2-1/2 Makarichev,S-Panchenko,A/Daugavpils 1978/MCD (22)}) 11. Be3 b5 {
11...Nd4 12.Bd4 e5 or 11...h5 deserve serious attention, as it was played in
the games given below} (11... Nxd4 12. Qxd4 (12. Bxd4 e5 $5 (12... b5 13. a3
Rc8 14. g4 Bc6 15. Be2 e5 16. Be3 Nd7 17. g5 $36 {1-0 Gaprindashvili,
N-Zitserman,T/Riga 1975/MCD (27)}) 13. Be3 Be6 14. Kb1 Rc8 15. Be2 Qa5 16. a3
Rxc3 17. Qxc3 Qxc3 18. bxc3 d5 $44 {1/2-1/2 Lanka,Z-Kraut,R/Germany 1996/
GER-chT (50)}) 12... Rc8 13. Kb1 Qc7 14. Qd2 b5 $132 {1-0 Lanka,Z-Kraut,R/
Germany 1995/GER-chT (35)}) 12. g4 Nxd4 $5 (12... Ne5 $6 13. a3 Rc8 14. Kb1 Kf8
15. Be2 $36 {1-0 Garcia Martinez,S-Vasiukov,E/Cienfuegos 1975/EXT 98 (40)}) 13.
Bxd4 b4 14. Ne2 e5 15. Be3 Qa5 16. Kb1 Be6 17. Nc1 d5 18. Bh3 $5 (18. Nb3 Qc7
19. exd5 Nxd5 $132) 18... d4 $146 {[%mdl 8] Black closes the game. This move
is a novelty. In the game played before 18...de was met with an unclear game} (
18... dxe4 19. g5 Rd8 20. Qf2 Rxd1 21. Rxd1 Bxh3 22. gxf6 Bxf6 23. fxe4 Be6 24.
Bc5 $13 {1/2-1/2 Van der Poel,H-Van Doeland,J/Enschede 1995/EXT 97 (59)}) 19.
Bf2 g5 {Black tries to secure himself from all kind of surprises and prevents
the advance g4-g5} (19... Nd7 $5) 20. Bf1 {[%cal Rf1a6,Yh4g5,Yh1h8] White
activizes his pieces - the rook and the bishop} Rg8 {Defending against the
threat 21.hg} 21. Nb3 Qa4 22. hxg5 hxg5 23. Bd3 Nd7 24. Qe2 {[%cal Yd3c4]
White has regrouped his pieces and prepares the exchange of bishops by 25.Bc4}
Qc6 {[%cal Rc6c4]} 25. Rh6 {[%cal Rh6c6] Activizing the rook and preparing
ground for all sorts of combinations} Bf8 26. Rh7 Bg7 {Black has also
regrouped his forces. The bishop defends the pawn on e5 and the knight can move
} 27. Bg3 Bf6 28. Be1 {[%cal Re1b4]} Rb8 {Black sacrifices a pawn and hopes to
use the a-file for the attack} 29. Bxa6 Rb6 30. Bd3 Ke7 {[%cal Rg8a8,Rc6a4]
Black's plan is simple - to attack along the a-file} 31. Nc1 {[%cal Rc1a2]
White protects the a2-pawn in advance preparing for a possible attack} Nf8 {
[%cal Rf8g6,Rf8h7] Black transfers his knight to a more active square. The
attack along the a-file didn't promise anything} (31... Ra8 32. Bd2 Qa4 33. Bc4
Rc6 34. Bb3 Bxb3 35. cxb3) 32. Rh2 Ng6 {[%cal Yg6f4]} 33. Bd2 Ra8 34. b3 Ra3 {
Black's plan is to attack a2 with a heavy pieces} 35. Rh5 $1 {[%cal Rd2g5,
Rh5g5] White attacks the weak pawn on g5} Rb8 36. Bxg5 Bxg5 37. Rxg5 Rba8 38.
Qh2 Qc5 $2 {[%mdl 8192] Black carries out his task step by step but by now
white has prepared for the attack and frees the d2 square for the escape of
the king. Besides black makes a serious mistake missing white's tactical shot.}
(38... Qc7 $5) 39. f4 $1 {[%cal Rg5c5]} Qa5 (39... Nxf4 40. Qxf4 exf4 41. Rxc5
$18) 40. Rxg6 fxg6 41. Qh7+ Kd6 42. fxe5+ Qxe5 (42... Kxe5 43. Qg7+ Kd6 44. Bc4
$18 {[%cal Rd1d4]}) 43. Qb7 {The black king doesn't have pawns around him and
feels very uncomfortable} Qc5 44. Re1 (44. Re1 Qc7 45. e5+ Kd7 46. Qxb4 $18)
1-0